ARRUPE JESUIT UNIVERSITY

CORONAVIRUS -STOP THE SPREAD - CLEAN,DISINFECT,COVER

The law of peoples with 'the idea of public reason revisited' (Record no. 12344)

MARC details
000 -LEADER
fixed length control field 00448nam a2200181Ia 4500
003 - CONTROL NUMBER IDENTIFIER
control field 0100
008 - FIXED-LENGTH DATA ELEMENTS--GENERAL INFORMATION
fixed length control field 130303s9999 xx 000 0 und d
040 ## - CATALOGING SOURCE
Transcribing agency ARRUPELIB
050 ## - LIBRARY OF CONGRESS CALL NUMBER
Classification number JZ1242.R39 1999
300 ## - PHYSICAL DESCRIPTION
Other physical details 199p. 22cm.
100 ## - MAIN ENTRY--PERSONAL NAME
Personal name Rawls, John
245 #4 - TITLE STATEMENT
Title The law of peoples with 'the idea of public reason revisited'
260 ## - PUBLICATION, DISTRIBUTION, ETC. (IMPRINT)
Place of publication, distribution, etc Cambridge
260 ## - PUBLICATION, DISTRIBUTION, ETC. (IMPRINT)
Name of publisher, distributor, etc Harvard University Press
260 ## - PUBLICATION, DISTRIBUTION, ETC. (IMPRINT)
-- 1999
300 ## - PHYSICAL DESCRIPTION
Extent viii
942 00 - ADDED ENTRY ELEMENTS (KOHA)
Koha issues (borrowed), all copies 3
Holdings
Withdrawn status Lost status Source of classification or shelving scheme Damaged status Not for loan Collection code Home library Current library Shelving location Date acquired Total Checkouts Full call number Barcode Date last seen Date checked out Copy number Price effective from Koha item type
    Library of Congress Classification     Main Collection ARRUPE LIBRARY ARRUPE LIBRARY Main Collection 04/03/2013 9 JZ1242.R39 1999 46003050366 12/12/2024 26/09/2024 1 04/03/2013 Monograph ( Printed materials)

 

Arrupe Library. PO Box MP320 Mt Pleasant, Harare, Zimbabwe
263 242 745411|librarian@aju.ac.zw